000 00541 a2200193 4500
001 149910
003 OSt
005 20211108110534.0
008
020 _a9781608070176
082 _a570.15195
_bM72B
100 1 _aModi, Shimon K.
245 1 _aBiometrics in identity management : concepts to applications
_cby Shimon K. Modi
260 _aBoston
_bArtech House
_c2011
300 _a263p.
653 _aComputer Science and Engineering
653 _aBiometric identification
942 _2ddc
_cBK
999 _c13809
_d13809